000 00388nam a2200145Ia 4500
005 20251222175933.0
008 251222s9999||||xx |||||||||||||| ||spa||
020 _a9786123111308
082 _a343.8/O33
100 _aOdar Montenegro, Belissa
245 0 _aLos Trámites y Procedimientos Tributarios en sus Documentos
250 _a1ra.ed.
264 _bGaceta Jurídica
942 _cLIB
999 _c41090
_d41090